000 00599nam a2200229Ia 4500
003 OSt
005 20220928144839.0
006 a|||||r|||| 00| 0
007 ta
008 220927b |||||||| |||| 00| 0 eng d
024 _a76371
037 _cTextual
040 _aSDCL
_cSDCL
_beng
041 _2eng
_aeng
082 _aV73:191'N7, L8.1-.2
100 _aDeconde Alexander
_9509910
245 0 _aHistory of American foreign policy.
260 _c1978
490 _vV2:xiii,258p
942 _hV73:191'N7, L8.1-.2
_cTEXL
_2CC
999 _c829916
_d829916